[Event "Zonal Femenino  2.5  2011"]
[Site "Club de Ajedrez "]
[Date "2011-08-27"]
[Round "1"]
[White "Martinez, Ayelen"]
[Black "Lujan, Carolina"]
[Result "0-1"]
[WhiteElo "2011"]
[BlackElo "2355"]

 1.e4 c5 2.Nf3 e6 3.d3 Nc6 4.g3 g6 5.Bg2 Bg7 6.O-O d6 7.c3 e5 8.Be3 Nf6 9.h3 O-O 10.a3 h6 11.b4 b6 12.b5 Ne7 13.Nbd2 Bb7 14.a4 d5 15.d4 exd4 16.cxd4 dxe4 17.Nh2 cxd4 18.Bf4 Ned5 19.Be5 Nc3 20.Qe1 Re8 21.Ng4 Nxg4 22.Bxg7 Kxg7 23.hxg4 d3 24.Ra3 Ne2+ 25.Kh2 Rc8 26.a5 Rc1

[Event "Zonal Femenino  2.5  2011"]
[Site "Club de Ajedrez "]
[Date "2011-08-27"]
[Round "1"]
[White "Zuriel, Marisa"]
[Black "Abarca González, Damaris"]
[Result "1-0"]
[WhiteElo "2214"]
[BlackElo "1995"]

 1.e4 e5 2.Nf3 Nc6 3.Bc4 Bc5 4.c3 Nf6 5.d3 d6 6.Bb3 h6 7.O-O O-O 8.Nbd2 Bb6 9.Nc4 Be6 10.h3 Qe7 11.Re1 Rad8 12.Nxb6 axb6 13.Bc2 Rfe8 14.Kh2 Qf8 15.Nh4 d5 16.Qf3 Nh7 17.g4 Ng5 18.Qg3 dxe4 19.dxe4 Rd7 20.Nf5 g6 21.h4 Bxf5 22.exf5 Nh7 23.fxg6 fxg6 24.Bxg6 Red8 25.Be3 Qf6 26.Be4 Qg7 27.g5 hxg5 28.hxg5 Ne7 29.Qh3 Ng6 30.Qe6+

[Event "Zonal Femenino  2.5  2011"]
[Site "Club de Ajedrez "]
[Date "2011-08-27"]
[Round "1"]
[White "Jorquera Cabello, Valentina Paz"]
[Black "Fernandez, Maria Florencia"]
[Result "0-1"]
[WhiteElo "1985"]
[BlackElo "2141"]

 1.e4 c5 2.Nf3 d6 3.d4 cxd4 4.Nxd4 Nf6 5.Nc3 g6 6.Be3 Bg7 7.f3 O-O 8.Bc4 Nc6 9.Qd2 Bd7 10.O-O-O Rb8 11.h4 b5 12.Ndxb5 Ne5 13.Be2 a6 14.Nd4 Qb6 15.Nb3 Qb7 16.Nd5 Bb5 17.Bxb5 axb5 18.Bd4 Nxd5 19.Bxe5 Bxe5 20.Qxd5 Qa7 21.Kb1 Rfc8 22.h5 Ra8 23.Nc1 Rc4 24.hxg6 hxg6 25.Qd3 Rb4 26.c3 Qa3 27.b3 Rc8 28.Qd2 Bxc3 29.Qc2 Rcc4 30.Rd3 Bf6 31.Qd2 Rd4 32.Qc2 Rdc4 33.Qd2 Rd4 34.Qc3 Qa8 35.Qc2 Rxd3 36.Nxd3 Rd4 37.Nf4 Bg5 38.Qc3 e5 39.Nd3 Kg7 40.g3 b4 41.Nxb4 Rxe4 42.Nc2 Rd4 43.Nxd4 exd4 44.Qxd4+ Bf6 45.Qd3 Qa3 46.Rh2 Qc5 47.Rh1 Qe5

[Event "Zonal Femenino  2.5  2011"]
[Site "Club de Ajedrez "]
[Date "2011-08-27"]
[Round "1"]
[White "Colombo, Camila"]
[Black "De Leon, Patricia"]
[Result "1-0"]
[WhiteElo "2117"]
[BlackElo "1786"]

 1.d4 d5 2.c4 e6 3.Nf3 Nf6 4.Nc3 Be7 5.Bg5 O-O 6.e3 h6 7.Bh4 b6 8.Bxf6 Bxf6 9.cxd5 exd5 10.Qc2 Be6 11.Be2 Qe7 12.O-O-O Rd8 13.h4 c5 14.g4 g6 15.Ne5 Bxe5 16.dxe5 Nc6 17.f4 d4 18.Ne4 Nb4 19.Qa4 Bd5 20.Nf6+ Kg7 21.e4 Bc6 22.Qb3 b5 23.g5 hxg5 24.hxg5 Rh8 25.a3 d3 26.Bg4 a5 27.Rxh8 Rxh8 28.axb4 c4 29.Qc3 axb4 30.Qd4 Rh2 31.e6 fxe6 32.Nd5+ e5 33.Nxe7 exd4 34.Nxc6 Rc2+ 35.Kb1 c3 36.bxc3 dxc3 37.Rxd3 b3 38.Nb4

[Event "Zonal Femenino  2.5  2011"]
[Site "Club de Ajedrez "]
[Date "2011-08-27"]
[Round "2"]
[White "Lujan, Carolina"]
[Black "Colombo, Camila"]
[Result "1-0"]
[WhiteElo "2355"]
[BlackElo "2117"]

 1.e4 e6 2.Qe2 b6 3.g3 Bb7 4.Bg2 Nf6 5.d3 d5 6.e5 Nfd7 7.f4 Nc6 8.Nf3 Ne7 9.Be3 c5 10.Bf2 Qc7 11.Nbd2 h5 12.h3 g6 13.Ng5 Bh6 14.Ndf3 b5 15.O-O a5 16.c4 bxc4 17.dxc4 d4 18.Ne4 Bxe4 19.Qxe4 Rb8 20.b3 a4 21.Rab1 axb3 22.axb3 Nc6 23.g4 hxg4 24.hxg4 Bg7 25.Bg3 Rb4 26.f5 Ncxe5 27.fxe6 fxe6 28.Rbe1 O-O 29.Bxe5 Nxe5 30.Nxe5 Rxf1+ 31.Kxf1 Rxb3 32.Qxg6 Re3 33.Qxe6+

[Event "Zonal Femenino  2.5  2011"]
[Site "Club de Ajedrez "]
[Date "2011-08-27"]
[Round "2"]
[White "Nejanky, Maisa"]
[Black "Zuriel, Marisa"]
[Result "0-1"]
[WhiteElo "2069"]
[BlackElo "2214"]

 1.e4 c5 2.Nf3 d6 3.d4 cxd4 4.Nxd4 Nf6 5.Nc3 a6 6.a4 e6 7.f4 Nc6 8.Be3 Qc7 9.Nb3 Na5 10.Nxa5 Qxa5 11.Bd3 Bd7 12.O-O Rc8 13.Kh1 Bc6 14.Qe2 Be7 15.Bd2 Qc7 16.Rae1 e5 17.b4 Bd7 18.f5 h6 19.Rf3 Rg8 20.Rh3 Bf8 21.g4 Qb8 22.Rg3 Be7 23.Rg2 Rh8 24.h4 Kf8 25.Rh2 h5 26.g5 Ng4 27.Rg2 g6 28.fxg6 fxg6 29.Rf1+ Kg7 30.Nd5 Rce8 31.b5 Rhf8 32.Rgg1 axb5 33.axb5 Be6 34.Bc4 Bxd5 35.exd5 Qa7 36.Bc3 Qe3 37.Qxe3 Nxe3 38.Rxf8 Rxf8 39.Bb3 Rf4 40.Ra1 Rxh4+ 41.Kg1 Bxg5 42.Kf2 Rh2+ 43.Kg3 Bf4+ 44.Kf3 Kf6 45.Ke4 Nf5 46.Rf1 Ng3+

[Event "Zonal Femenino  2.5  2011"]
[Site "Club de Ajedrez "]
[Date "2011-08-27"]
[Round "2"]
[White "Fernandez, Maria Florencia"]
[Black "Larrachea Formas, Emilia Victoria"]
[Result "1/2-1/2"]
[WhiteElo "2141"]
[BlackElo "2026"]

 1.d4 Nf6 2.c4 g6 3.Nc3 Bg7 4.e4 d6 5.f3 c6 6.Be3 Qc7 7.Qd2 h5 8.O-O-O Nbd7 9.Be2 e5 10.d5 c5 11.Nh3 a6 12.Nf2 Nb6 13.h4 Bd7 14.g4 Na4 15.g5 Ng8 16.Nxa4 Bxa4 17.Rde1 Ne7 18.Bd3 b5 19.Bc2 Bxc2 20.Qxc2 O-O 21.Rh3

[Event "Zonal Femenino  2.5  2011"]
[Site "Club de Ajedrez "]
[Date "2011-08-27"]
[Round "2"]
[White "Moran Reyes, Maria Ines"]
[Black "Cortes Arias, Mariela Natalia"]
[Result "0-1"]
[WhiteElo "2036"]
[BlackElo "1771"]

 1.d4 Nf6 2.Nc3 c5 3.e3 e6 4.g3 d5 5.Bg2 Be7 6.Nf3 Nc6 7.Ne2 b6 8.b3 Ba6 9.O-O Rc8 10.Bb2 O-O 11.Ne5 Nxe5 12.dxe5 Nd7 13.f4 Qc7 14.Rf3 f5 15.h3 Bxe2 16.Qxe2 c4 17.Bd4 cxb3 18.cxb3 Qc2 19.Qe1 Ba3 20.Rf2 Qc6 21.g4 g6 22.Bf1 Nc5 23.Rg2 Qb7 24.Qh4 Ne4 25.Bd3 Bc5 26.gxf5 Rxf5 27.Be2 Bxd4 28.exd4 Rcf8 29.Bg4 Rxf4 30.Bxe6+ Kg7 31.Rg4 Rxg4+ 32.Qxg4 Qc6 33.Rf1 Rxf1+ 34.Kxf1 Qc1+ 35.Kg2 Qd2+ 36.Kf3 Qf2+

[Event "Zonal Femenino  2.5  2011"]
[Site "Club de Ajedrez "]
[Date "2011-08-27"]
[Round "2"]
[White "De Leon, Patricia"]
[Black "Martinez, Ayelen"]
[Result "0-1"]
[WhiteElo "1786"]
[BlackElo "2011"]

 1.d4 Nf6 2.c4 g6 3.Nc3 Bg7 4.e4 d6 5.f3 O-O 6.Be3 Nc6 7.Qd2 a6 8.Bd3 e5 9.d5 Nd4 10.Nge2 Nd7 11.O-O-O Nc5 12.Bc2 Nxc2 13.Qxc2 a5 14.b3 Bd7 15.Kb2 a4 16.b4 a3+ 17.Ka1 Na4 18.Bc1 f5 19.Rdf1 Qe7 20.Bxa3 Nb6 21.Qb3 Rf7 22.Bc1 Qf8 23.Be3 Na4 24.Rb1 b6 25.Rhc1 fxe4 26.Nxe4 Bf5 27.N2c3 Nxc3 28.Qxc3 Qc8 29.h3 Ra4 30.a3 Qa8 31.Ka2 b5 32.Rb3 Bc8 33.Rd1 bxc4 34.Qxc4 Ba6 35.Qc2 Bb7 36.Qc4 Ra6 37.Ng5 Re7 38.Ne4 Kh8 39.Nc3 c6 40.b5 cxd5 41.Nxd5 Ra4 42.Qd3 Rd4 43.Bxd4 Bxd5 44.Bf2 Bg8 45.Qxd6 Qc8 46.Qc6 Rc7 47.Rc1 Rxc6 48.Rxc6 Qd7 49.Rc2 Qxb5 50.Rb2 e4

[Event "Zonal Femenino  2.5  2011"]
[Site "Club de Ajedrez "]
[Date "2011-08-28"]
[Round "3"]
[White "Zuriel, Marisa"]
[Black "Lujan, Carolina"]
[Result "1/2-1/2"]
[WhiteElo "2214"]
[BlackElo "2355"]

 1.e4 c5 2.Nf3 d6 3.d4 cxd4 4.Nxd4 Nf6 5.Nc3 a6 6.Bc4 e6 7.O-O b5 8.Bb3 b4 9.Na4 Be7 10.Re1 Bb7 11.Qf3 Nc6 12.Nxc6 Bxc6 13.c3 a5 14.Bg5 Rb8 15.Rad1 Qc7 16.Qd3 Qd7 17.Qc2 Qb7 18.f3 h6 19.Bf4 O-O 20.Kh1 Rfd8 21.c4 Rbc8 22.Rd2 d5 23.exd5 exd5 24.c5 Bxa4 25.Bxa4 Rxc5 26.Qd3 Bf8 27.Be3 Rc7 28.Bd4 Re7 29.Rde2 Rxe2

[Event "Zonal Femenino  2.5  2011"]
[Site "Club de Ajedrez "]
[Date "2011-08-28"]
[Round "3"]
[White "Cortes Arias, Mariela Natalia"]
[Black "Fernandez, Maria Florencia"]
[Result "1/2-1/2"]
[WhiteElo "1771"]
[BlackElo "2141"]

 1.e4 d6 2.d4 Nf6 3.Nc3 g6 4.Be2 Bg7 5.h4 h5 6.Bg5 c6 7.Nf3 O-O 8.Qd2 b5 9.e5 Ng4 10.exd6 Qxd6 11.Ne4 Qd5 12.Nc3 Qd6 13.Ne4 Qd5 14.Nc3 Qd8 15.O-O Be6 16.Rad1 b4 17.Ne4 a5 18.Nc5 Bf5 19.Bd3 Bc8 20.Qe2 Bf6 21.Bxf6 Nxf6 22.Rfe1 Ra7 23.Qe5 Bg4 24.Qg5 Kg7 25.Ne5 Nh7 26.Qf4 Qc8 27.f3 Bf5 28.g4 Bxd3 29.Rxd3 Na6 30.gxh5 Nxc5 31.h6+ Kg8 32.dxc5 Qe6 33.Red1 Nf6 34.Ng4 Nd5 35.h7+ Kh8 36.Qe5+ Qxe5 37.Nxe5 Rc7 38.Nxc6 Rxc6 39.Rxd5 Kxh7 40.h5 Rfc8 41.hxg6+ Kxg6 42.Kf2 Rxc5 43.Rxc5 Rxc5 44.Rd2 Re5 45.Re2 Rc5 46.Ke3 e5 47.Kd3 Kf5 48.Re4 Rd5+ 49.Ke2 Rc5 50.Kd3 Rd5+ 51.Ke2 Rc5 52.Kd3

[Event "Zonal Femenino  2.5  2011"]
[Site "Club de Ajedrez "]
[Date "2011-08-28"]
[Round "3"]
[White "Larrachea Formas, Emilia Victoria"]
[Black "Vargas, Gabriela"]
[Result "1/2-1/2"]
[WhiteElo "2026"]
[BlackElo "2086"]

 1.d4 d5 2.c4 e6 3.g3 Nf6 4.Bg2 a6 5.Nf3 c6 6.O-O dxc4 7.Ne5 b5 8.Nxc6 Qb6 9.Ne5 Bb7 10.e4 Nbd7 11.Be3 Qd8 12.Qe2 Bb4 13.a3 Ba5 14.Bg5 Qc7 15.Ng4 Nxg4 16.Qxg4 Qc8 17.Bd2 Bd8 18.d5 h5 19.Qe2 Bf6 20.dxe6 fxe6 21.Bc3 e5 22.Nd2 Nc5 23.f4 Nd3 24.fxe5 Nxe5 25.Bxe5 Bxe5 26.Qf3 Qc5+ 27.Kh1 O-O-O 28.Qf5+ Kb8 29.Nf3 Bd4 30.Qf4+ Ka8 31.Nxd4 Rxd4 32.Qe3 Rhd8 33.Rad1 Qa7 34.Qe2 g6 35.Rxd4 Qxd4 36.e5 Bxg2+ 37.Qxg2+ Qd5 38.e6 Qxg2+ 39.Kxg2 Re8 40.Rf6 g5 41.Kf3 Kb7 42.Ke4 Kb6 43.Ke5 Kc5 44.Rf7 a5 45.Kf6 b4 46.axb4+ axb4 47.Rc7+ Kd6 48.Rd7+ Kc6 49.Rd1 Rf8+ 50.Kg7 Rf2 51.e7 Re2 52.Kf7 Rf2+ 53.Ke6 Re2+ 54.Kf6 Rf2+ 55.Kxg5 Re2 56.Kf6 Rf2+ 57.Kg7 Re2 58.Kf7 Rf2+ 59.Kg7 Re2 60.Kf7 Rf2+

[Event "Zonal Femenino  2.5  2011"]
[Site "Club de Ajedrez "]
[Date "2011-08-28"]
[Round "3"]
[White "Colombo, Camila"]
[Black "Abarca González, Damaris"]
[Result "0-1"]
[WhiteElo "2117"]
[BlackElo "1995"]

 1.d4 d5 2.c4 c6 3.Nf3 Nf6 4.Nc3 dxc4 5.a4 Bf5 6.e3 e6 7.Bxc4 Bb4 8.O-O O-O 9.Qe2 Nbd7 10.e4 Bg6 11.e5 Nd5 12.Nxd5 cxd5 13.Bd3 Nb8 14.Bxg6 fxg6 15.Ng5 Qd7 16.Qg4 Re8 17.Qh3 h6 18.Qb3 Nc6 19.Nf3 Rac8 20.Qd3 Qf7 21.Be3 a6 22.Nh4 g5 23.Nf3 Be7 24.Rfc1 Rf8 25.b3 g4 26.Ne1 Bg5 27.Qd2 Bxe3 28.Qxe3 Qf4 29.Nc2 Qxe3 30.fxe3 Na5 31.Rab1 Rc3 32.Na1 Rxe3 33.Rc5 Nc6 34.Nc2 Rd3 35.b4 Nxd4 36.Nxd4 Rxd4 37.b5 Rxa4 38.bxa6 Rxa6 39.h3 gxh3 40.gxh3 Rf5 41.Rxb7 Rxe5 42.Rcc7 Rg5+ 43.Kf2 Ra2+ 44.Kf1 Rh2

[Event "Zonal Femenino  2.5  2011"]
[Site "Club de Ajedrez "]
[Date "2011-08-28"]
[Round "3"]
[White "Jorquera Cabello, Valentina Paz"]
[Black "De Leon, Patricia"]
[Result "0-1"]
[WhiteElo "1985"]
[BlackElo "1786"]

 1.e4 e6 2.d3 d5 3.Nd2 Nf6 4.g3 dxe4 5.dxe4 e5 6.Bg2 Bc5 7.Ngf3 Nc6 8.O-O O-O 9.c3 a5 10.Qc2 Qe7 11.Nb3 Bd6 12.Bg5 h6 13.Bxf6 Qxf6 14.a3 Be6 15.c4 b6 16.Nc1 Qe7 17.Nh4 Nd4 18.Qd3 c5 19.Ne2 Rab8 20.Nc3 Qd7 21.f4 f6 22.Ng6 Rfd8 23.Nd5 Bf7 24.f5 b5 25.b3 bxc4 26.bxc4 Rb3 27.Qd2 Bxd5 28.exd5 a4 29.Rf2 Rdb8 30.Be4 Qa7 31.g4 Qa6 32.Qc1 Qb6 33.Raa2 Qa5 34.Kg2 Rc3 35.Qd2 Nb3 36.Qd1 Rxc4 37.Bd3 Rd4 38.g5 Qc7 39.gxh6 gxh6 40.Kh1 Kh7 41.Qf1 c4 42.Rac2 Rxd3 43.Rg2 Rd4 44.Rg1 Rc8 45.Qh3 Qf7 46.Qh5 Qxd5+ 47.Rcg2 Rg8 48.Nh4 Rdg4 49.h3 R4g5 50.Qe2 Bc5 51.Rd1 Nd4 52.Rd2 Rxg2 53.Nxg2 Qf3 54.Qxf3 Nxf3 55.Rd5 Bxa3 56.Rd7+ Rg7 57.Rxg7+ Kxg7 58.Ne3 c3 59.Nc2 Nd4

[Event "Zonal Femenino  2.5  2011"]
[Site "Club de Ajedrez "]
[Date "2011-08-29"]
[Round "4"]
[White "Lujan, Carolina"]
[Black "Nejanky, Maisa"]
[Result "1-0"]
[WhiteElo "2355"]
[BlackElo "2069"]

 1.e4 c5 2.Nf3 d6 3.c3 Nf6 4.Bd3 Nc6 5.Bc2 Bg4 6.d3 d5 7.Qe2 e6 8.Nbd2 Be7 9.h3 Bxf3 10.Nxf3 Qc7 11.a3 Rc8 12.O-O O-O 13.Bg5 Nd7 14.Bd2 Bf6 15.Nh2 Rfe8 16.Ng4 Be7 17.f4 Nf6 18.Nh2 e5 19.exd5 Nxd5 20.f5 Bf6 21.Kh1 Qb6 22.Rab1 Na5 23.b4 cxb4 24.axb4 Nc6 25.Bb3 Nce7 26.c4 Nc7 27.Ng4 Red8 28.Nxe5 Bxe5 29.Qxe5 Nc6 30.Qg3 Qd4 31.Bc2 Ne5 32.Bg5 Rd7 33.Bf6

[Event "Zonal Femenino  2.5  2011"]
[Site "Club de Ajedrez "]
[Date "2011-08-29"]
[Round "4"]
[White "Fernandez, Maria Florencia"]
[Black "Zuriel, Marisa"]
[Result "1/2-1/2"]
[WhiteElo "2141"]
[BlackElo "2214"]

 1.d4 Nf6 2.c4 c5 3.d5 b5 4.cxb5 a6 5.b6 e6 6.Nc3 Bb7 7.e4 d6 8.Bc4 e5 9.a4 a5 10.Nf3 Nbd7 11.Qe2 Nxb6 12.Bb5+ Nbd7 13.O-O Be7 14.Nh4 g6 15.f4 exf4 16.e5 dxe5 17.Rd1 Bd6 18.Bxf4 O-O 19.Bg5 Qc7 20.Qf1 Nh5 21.Be2 f6 22.Bh6 Ng7 23.Kh1 f5 24.Nf3 Rf6 25.Ng5 Nf8 26.Nce4 Ne8 27.Nxf6+ Nxf6 28.Bxf8 Bxf8 29.d6 Qb6 30.Bc4+ Kg7 31.Ne6+ Kh8 32.Nxf8 Rxf8 33.b3 Qd8 34.Qe2 Re8 35.Bf7 Rf8 36.Bc4 Re8 37.Bf7 Rf8 38.Bc4 Re8

[Event "Zonal Femenino  2.5  2011"]
[Site "Club de Ajedrez "]
[Date "2011-08-29"]
[Round "4"]
[White "Abarca González, Damaris"]
[Black "Cortes Arias, Mariela Natalia"]
[Result "1/2-1/2"]
[WhiteElo "1995"]
[BlackElo "1771"]

 1.e4 e6 2.d3 d5 3.Nd2 c5 4.g3 Nc6 5.Bg2 g6 6.Ngf3 Bg7 7.O-O Nge7 8.Re1 b6 9.Nf1 dxe4 10.dxe4 Qxd1 11.Rxd1 Ba6 12.c3 O-O 13.Bg5 Rad8 14.Bxe7 Nxe7 15.Ne3 Bd3 16.Ne1 Be2 17.Rxd8 Rxd8 18.Bf1 Rd2 19.Bxe2 Rxe2 20.Rb1 Bh6 21.Kf1 Rd2 22.Ng4 Bg7 23.Nf3 Rd8 24.Ne3 Nc6 25.Ke2 Kf8 26.a4 h6 27.Nc4 Ke7 28.Ne1 Ne5 29.Ne3 g5 30.f4 gxf4 31.gxf4 Ng6 32.Nd3 h5 33.Nc4 Bh6 34.Rf1 Nh4 35.Rg1 Ng6 36.Rf1 Nh4 37.Nce5 Rg8 38.Nc6+ Kd6 39.Nxa7 Rg2+ 40.Rf2 c4 41.Nb5+ Ke7 42.Ne5 Rxf2+ 43.Kxf2 Bxf4 44.Nxc4 Bxh2 45.Nxb6 Ng6 46.Kg2 Bb8 47.Nd4 Nf4+ 48.Kf3 Bc7 49.a5 Nd3 50.Nc4 Nc5 51.b4 Na4 52.a6 Nb6 53.a7 Na8 54.e5 Kd7 55.Nb5 Kc6 56.Nxc7 Nxc7 57.Nd6 Kb6 58.Nxf7 Kxa7 59.c4 Na6 60.b5 Nc5 61.Kf4 Kb6 62.Kg5 Nd7 63.Kxh5 Kc5 64.Nd8 Nxe5 65.Nxe6+ Kxc4 66.b6 Nd7 67.b7 Kb5 68.Nf8 Nb8 69.Ng6 Kb6

[Event "Zonal Femenino  2.5  2011"]
[Site "Club de Ajedrez "]
[Date "2011-08-29"]
[Round "4"]
[White "De Leon, Patricia"]
[Black "Larrachea Formas, Emilia Victoria"]
[Result "0-1"]
[WhiteElo "1786"]
[BlackElo "2026"]

 1.d4 Nf6 2.c4 g6 3.f3 Bg7 4.e4 d6 5.Nc3 c6 6.Be3 Qc7 7.Qd2 h5 8.O-O-O Nbd7 9.Kb1 a6 10.Nge2 c5 11.d5 Ne5 12.Nc1 Nfd7 13.h3 Nb6 14.b3 f6 15.f4 Nf7 16.Bd3 Bd7 17.Rde1 O-O-O 18.Bc2 f5 19.Bf2 Bf6 20.Re2 e5 21.g3 Rde8 22.Nd3 Kb8 23.h4 Nc8 24.Rhe1 b5 25.Nb2 exf4 26.gxf4 b4 27.Ncd1 fxe4 28.Rxe4 Re7 29.Rxe7 Nxe7 30.Rg1 Bg4 31.Ne3 Bc3 32.Qc1 Nh6 33.Nbd1 Bg7 34.Qd2 Nef5 35.Bxf5 gxf5 36.Nf1 Qe7 37.Nde3 Qf6 38.Nxg4 Nxg4 39.Rxg4 Qa1+ 40.Kc2 Qxa2+ 41.Kc1 Qa1+ 42.Kc2 hxg4 43.Ne3 Bc3 44.Qe2 Qb2+ 45.Kd3 Qxb3

[Event "Zonal Femenino  2.5  2011"]
[Site "Club de Ajedrez "]
[Date "2011-08-29"]
[Round "4"]
[White "Moran Reyes, Maria Ines"]
[Black "Jorquera Cabello, Valentina Paz"]
[Result "0-1"]
[WhiteElo "2036"]
[BlackElo "1985"]

 1.d4 Nf6 2.c4 d6 3.Nc3 e5 4.dxe5 dxe5 5.Qxd8+ Kxd8 6.Bg5 c6 7.Nf3 Nd7 8.O-O-O Kc7 9.h3 Bb4 10.Bd2 a5 11.g4 Re8 12.a3 Bxc3 13.bxc3 Ne4 14.Be1 Ndc5 15.Rh2 f6 16.Kc2 Be6 17.e3 b5 18.Nd2 Nxd2 19.Rxd2 bxc4 20.f4 exf4 21.exf4 Bd5 22.Bf2 Be4+ 23.Kd1 Nb3 24.Rb2 Rad8+ 25.Ke1 Bc2+ 26.Be3 Rxe3+ 27.Kf2 Rxc3 28.Kg1 Bd3 29.Bg2 Rc1+ 30.Kf2 Nc5 31.Kg3 c3 32.Rf2 c2

[Event "Zonal Femenino  2.5  2011"]
[Site "Club de Ajedrez "]
[Date "2011-08-30"]
[Round "5"]
[White "Larrachea Formas, Emilia Victoria"]
[Black "Lujan, Carolina"]
[Result "0-1"]
[WhiteElo "2026"]
[BlackElo "2355"]

 1.Nf3 f5 2.g3 Nf6 3.Bg2 g6 4.O-O Bg7 5.d4 O-O 6.c4 d6 7.Nc3 c6 8.d5 Bd7 9.Bd2 Na6 10.Rc1 h6 11.Nd4 Qe8 12.e3 Nc5 13.Qe2 a5 14.b3 Nfe4 15.Be1 g5 16.f3 Nf6 17.Bf2 Qf7 18.f4 Nce4 19.Nxe4 fxe4 20.fxg5 hxg5 21.Be1 cxd5 22.cxd5 Qxd5 23.Rc7 Rac8 24.Qc2 Rxc7 25.Qxc7 Rc8 26.Qxa5 Qxa5 27.Bxa5 Ra8 28.b4 Nd5 29.Nf5 Bxf5 30.Rxf5 Nxe3 31.Rxg5 d5 32.Bh3 Kf7 33.Bb6 Nc4 34.Rf5+ Bf6 35.Bc5 e6 36.Rf2 e3 37.Rf1 Rxa2 38.Bg4 b6 39.Bh5+ Kg7 40.Bf8+ Kxf8 41.Rxf6+ Ke7 42.Rf7+ Kd6 43.Rf8 d4 44.Bg6 Nd2 45.Bd3 Ke7 46.Rf4 Ra3 47.Bb5 d3

[Event "Zonal Femenino  2.5  2011"]
[Site "Club de Ajedrez "]
[Date "2011-08-30"]
[Round "5"]
[White "Zuriel, Marisa"]
[Black "Vargas, Gabriela"]
[Result "1-0"]
[WhiteElo "2214"]
[BlackElo "2086"]

 1.e4 e6 2.d4 d5 3.Nc3 Bb4 4.e5 c5 5.a3 Bxc3+ 6.bxc3 Ne7 7.Qg4 cxd4 8.Qxg7 Rg8 9.Qxh7 Qc7 10.Ne2 Nbc6 11.f4 Bd7 12.h4 dxc3 13.h5 O-O-O 14.Qd3 Nf5 15.Rg1 Qb6 16.g4 Nfd4 17.Rg3 Nxe2 18.Bxe2 d4 19.h6 Ne7 20.a4 Bc6 21.a5 Qc7 22.a6 b6 23.g5 Ng6 24.Rh3 Rd5 25.Rb1 Rdd8 26.Rb4 Qd7 27.Rc4 Kb8 28.Bf3 Bxf3 29.Qxf3 Qd5 30.Rxd4 Qxf3 31.Rxd8+ Rxd8 32.Rxf3 Rc8 33.Rd3 b5 34.Rd7 Rc7 35.Rd8+ Rc8 36.Rxc8+ Kxc8 37.h7

[Event "Zonal Femenino  2.5  2011"]
[Site "Club de Ajedrez "]
[Date "2011-08-30"]
[Round "5"]
[White "Abarca González, Damaris"]
[Black "Fernandez, Maria Florencia"]
[Result "1/2-1/2"]
[WhiteElo "1995"]
[BlackElo "2141"]

 1.e4 c5 2.Nc3 Nc6 3.g3 g6 4.Bg2 Bg7 5.d3 d6 6.Be3 e6 7.Qd2 Rb8 8.Nge2 Nd4 9.O-O b5 10.Nc1 Ne7 11.Nd1 Ndc6 12.Bh6 O-O 13.Bxg7 Kxg7 14.Ne3 Qa5 15.c3 b4 16.f4 f5 17.Ne2 bxc3 18.bxc3 Nd4 19.exf5 Nexf5 20.Nxf5+ gxf5 21.Rac1 Bd7 22.Qe3 Nxe2+ 23.Qxe2 Qd8 24.Rb1 Qf6 25.Qd2 h5 26.Rb2 Rxb2 27.Qxb2 h4 28.Rb1 hxg3 29.hxg3 Kg6 30.c4 Ba4 31.Kf2 Rf7 32.Qxf6+ Kxf6 33.Rh1 Rg7 34.Rh6+ Kf7 35.Rh8 Bc2 36.Bf1 Kf6 37.Rf8+ Ke7

[Event "Zonal Femenino  2.5  2011"]
[Site "Club de Ajedrez "]
[Date "2011-08-30"]
[Round "5"]
[White "Cortes Arias, Mariela Natalia"]
[Black "Colombo, Camila"]
[Result "0-1"]
[WhiteElo "1771"]
[BlackElo "2117"]

 1.e4 e6 2.d4 d5 3.Nc3 Bb4 4.e5 b6 5.a3 Bf8 6.Bb5+ c6 7.Ba4 a5 8.Nce2 b5 9.Bb3 c5 10.c3 c4 11.Bc2 Nc6 12.Nf3 Bd7 13.Bg5 Qc7 14.h4 h6 15.Bf4 Nge7 16.Ng3 Nc8 17.Nh5 Nb6 18.Nd2 b4 19.axb4 axb4 20.Rxa8+ Nxa8 21.Qa1 Nb6 22.O-O b3 23.Bd1 Ne7 24.g4 Ng6 25.Bg3 Qd8 26.Nf3 Na4 27.Be2 Bc6 28.Kg2 Kd7 29.Nf4 Nxf4+ 30.Bxf4 Be7 31.Bg3 Qb6 32.Qc1 Ra8 33.g5 Nxb2 34.Qxb2 Ra2 35.Qc1 Rxe2 36.gxh6 gxh6 37.Qxh6 b2 38.h5 b1=Q 39.Rxb1 Qxb1 40.Qg7 Ra2 41.h6 Ra1 42.Qxf7 Qh1+

[Event "Zonal Femenino  2.5  2011"]
[Site "Club de Ajedrez "]
[Date "2011-08-30"]
[Round "5"]
[White "Nejanky, Maisa"]
[Black "Martinez, Ayelen"]
[Result "0-1"]
[WhiteElo "2069"]
[BlackElo "2011"]

 1.e4 c5 2.Nf3 d6 3.d4 cxd4 4.Nxd4 Nf6 5.Nc3 a6 6.f4 e5 7.Nf3 Qc7 8.a4 Be7 9.Bd3 O-O 10.O-O Nc6 11.f5 Nb4 12.Qe2 Re8 13.Bg5 b6 14.Rae1 Bb7 15.Kh1 d5 16.exd5 Nfxd5 17.Nxd5 Nxd5 18.f6 Bxf6 19.Qe4 g6 20.Bxf6 Nxf6 21.Qh4 Nh5 22.Ng5 Re7 23.Bc4 Rf8 24.Rxf7 Rfxf7 25.Nxf7 Rxf7 26.Rf1 Nf4 27.Bxf7+ Qxf7 28.Qd8+ Qf8 29.Qxf8+ Kxf8 30.Kg1 Ke7 31.Re1 Kd6 32.g3 Nh3+ 33.Kf1 Ng5 34.Kf2 Bc6 35.b3 Nf3 36.Rd1+ Kc5 37.h4 Nd4 38.Rc1 h5 39.Ke3 Nf5+ 40.Kf2 e4 41.c3 e3+ 42.Ke2 Kd5 43.Rg1 Ke4 44.g4 Nxh4 45.gxh5 gxh5 46.Rg3 Nf5 47.Rg6 Bd5 48.Rxb6 Kf4 49.c4 Bf3+ 50.Kd3 Be4+ 51.Ke2 Nd4+ 52.Ke1 e2 53.Kd2 Bf3 54.Rf6+ Ke5 55.Rf8 Nxb3+ 56.Ke1 Ke4 57.Kf2 Bg4 58.Rf6 Nc5

[Event "Zonal Femenino  2.5  2011"]
[Site "Club de Ajedrez "]
[Date "2011-08-31"]
[Round "6"]
[White "Lujan, Carolina"]
[Black "Abarca González, Damaris"]
[Result "1-0"]
[WhiteElo "2355"]
[BlackElo "1995"]

 1.e4 e5 2.Nf3 Nc6 3.Bb5 a6 4.Ba4 Nf6 5.d3 b5 6.Bb3 Be7 7.c3 d6 8.Nbd2 O-O 9.Nf1 Na5 10.Bc2 c5 11.Ng3 Re8 12.O-O Bf8 13.h3 d5 14.d4 cxd4 15.cxd4 Bb7 16.Bg5 dxe4 17.Nxe4 Be7 18.Bxf6 Bxf6 19.Nxf6+ Qxf6 20.Nxe5 Rac8 21.Qd3 g6 22.f4 Qb6 23.Rf2 Nc4 24.Bb3 Rcd8 25.Nxc4 bxc4 26.Qxc4 Re7 27.Qc5 Qf6 28.Rd1 Rde8 29.Qg5 Re1+ 30.Kh2 Qd6 31.Rxe1 Rxe1 32.Qc5 Qf6 33.Qb4 Re7 34.d5 Bc8 35.Qc3 Qf5 36.d6 Rb7 37.g4 Qd7 38.Rc2 Rb8 39.Qc7 Qxc7 40.Rxc7 Be6 41.Bxe6 fxe6 42.d7

[Event "Zonal Femenino  2.5  2011"]
[Site "Club de Ajedrez "]
[Date "2011-08-31"]
[Round "6"]
[White "Martinez, Ayelen"]
[Black "Zuriel, Marisa"]
[Result "1/2-1/2"]
[WhiteElo "2011"]
[BlackElo "2214"]

 1.e4 c5 2.Nf3 d6 3.d4 cxd4 4.Nxd4 Nf6 5.Nc3 a6 6.Bc4 e6 7.Bb3 Be7 8.Be3 Nc6 9.O-O O-O 10.f4 Qc7 11.f5 Nxd4 12.Bxd4 b5 13.a3 Rb8 14.Qf3 b4 15.axb4 Rxb4 16.Be3 exf5 17.exf5 Bb7 18.Qh3 Ng4 19.Ra4 Nxe3 20.Rxb4 Nxf1 21.Kxf1 a5 22.Rg4 Qc5 23.Qd3 Bf6 24.Nd5 Bxd5 25.Bxd5 Bxb2 26.Rc4 Qa7 27.c3 Qe7 28.Qe2 Qxe2+ 29.Kxe2 h5 30.Kd3 Kh7 31.Ra4 Rc8 32.c4 Rc7 33.Rxa5 Be5 34.Be4 Kh6 35.h3

[Event "Zonal Femenino  2.5  2011"]
[Site "Club de Ajedrez "]
[Date "2011-08-31"]
[Round "6"]
[White "Fernandez, Maria Florencia"]
[Black "Vargas, Gabriela"]
[Result "1/2-1/2"]
[WhiteElo "2141"]
[BlackElo "2086"]

 1.d4 d5 2.c4 e6 3.Nc3 Be7 4.Nf3 Nf6 5.Bf4 O-O 6.e3 c5 7.dxc5 Bxc5 8.a3 b6 9.Qc2 Bb7 10.O-O-O Qc8 11.Rg1 dxc4 12.Ne5 b5 13.Nxb5 Be4 14.Qxc4 Bd5 15.Qc2 Qb7 16.Kb1 Rc8 17.Rc1 Na6 18.Qa4 Ne4 19.Rc2 Bf8 20.Nd6 Nac5 21.Ba6 Nxa4 22.Bxb7 Rxc2 23.Kxc2 Bxb7 24.Nxb7 Rc8+ 25.Kb3 Nb6 26.Nd3 g5 27.Bg3 Nxg3 28.hxg3 Rb8 29.Na5 Rd8 30.Kc2 Bg7 31.Rd1 Rc8+ 32.Kb1 Na4 33.Rd2 f5 34.Nb3 e5 35.Rc2 Rxc2 36.Kxc2 e4 37.Ndc5 Nxb2 38.Na5 Bf8 39.Nab7 Nc4 40.a4 Ne5 41.Kd2 Be7 42.Nb3 Bb4+ 43.Ke2 Kf7 44.Nd4 Nc4 45.Nc6 a5 46.Nxb4 axb4 47.Nc5 Na5 48.Kd2 Ke7 49.Na6 b3 50.Kc3 Kd6 51.Nb4 h5 52.Na6

[Event "Zonal Femenino  2.5  2011"]
[Site "Club de Ajedrez "]
[Date "2011-08-31"]
[Round "6"]
[White "Colombo, Camila"]
[Black "Larrachea Formas, Emilia Victoria"]
[Result "1/2-1/2"]
[WhiteElo "2117"]
[BlackElo "2026"]

 1.d4 Nf6 2.c4 g6 3.Nc3 Bg7 4.e4 d6 5.f3 O-O 6.Be3 e5 7.d5 Nbd7 8.Qd2 a5 9.Bd3 Nc5 10.Bc2 Bd7 11.Nge2 Nh5 12.O-O-O Qe8 13.g4 Nf6 14.Bh6 b5 15.Ng3 b4 16.Nb5 Bxb5 17.cxb5 Qxb5 18.Nf5 b3 19.axb3 Ne8 20.Nxg7 Nxg7 21.Qc3 Rab8 22.f4 f6 23.g5 Nxb3+ 24.Bxb3 Qxb3 25.gxf6 Qxc3+ 26.bxc3 Rxf6 27.Bg5 Rf7 28.fxe5 dxe5 29.Rhf1 Ne8 30.Rxf7 Kxf7 31.Rf1+ Kg7 32.Kc2 h6 33.Be7 a4 34.Bf8+ Kh7 35.Bb4 Ra8 36.Rf7+ Kg8 37.Rf8+ Kg7 38.Rf1 Nd6 39.Kd3 g5 40.Ra1 g4 41.Rg1 a3 42.Rxg4+ Kf6 43.Rg1 a2 44.Ra1 Kg5 45.c4 Ra4 46.Rg1+ Kh5 47.Bc3 Nxc4 48.Ba1 Na5 49.Bxe5 Nb3 50.Ba1 Nxa1 51.Rxa1 Kg4 52.e5 Kf5 53.d6 cxd6 54.exd6 Ke6 55.Kc3 Ra3+ 56.Kb2 Rh3 57.Rh1 Kxd6 58.Kxa2 Kd5 59.Rd1+ Ke4 60.Rd2

[Event "Zonal Femenino  2.5  2011"]
[Site "Club de Ajedrez "]
[Date "2011-08-31"]
[Round "6"]
[White "Nejanky, Maisa"]
[Black "Jorquera Cabello, Valentina Paz"]
[Result "1-0"]
[WhiteElo "2069"]
[BlackElo "1985"]

 1.e4 c5 2.Nf3 Nc6 3.d4 cxd4 4.Nxd4 Nf6 5.Nc3 e5 6.Ndb5 d6 7.Bg5 a6 8.Na3 b5 9.Bxf6 gxf6 10.Nd5 Bg7 11.c3 Ne7 12.Nc2 f5 13.Nxe7 Qxe7 14.exf5 Bxf5 15.Qf3 O-O 16.Qxf5 d5 17.Ne3 d4 18.Bd3 e4 19.Bxe4 Rfe8 20.Qxh7+ Kf8 21.f3 dxe3 22.Bxa8 Rxa8 23.Qe4 Qa7 24.Rd1 Re8 25.Qf5 Qc7 26.Qd3 Kg8 27.Qc2 b4 28.Rd3 Qc4 29.Ke2 Bh6 30.g3 Qe6 31.h4 Qe5 32.Rg1 Qe6 33.g4 Bf4 34.Qb3 Qe7 35.Rh1 bxc3 36.Qxc3 Qe6 37.b3 Rc8 38.Qb2 Qc6 39.Re1 Qh6 40.h5 Qg5 41.Rh1 Qh6 42.Rc1 Re8 43.Rh1 Rc8 44.Rc1 Re8 45.Qd4 Qg5 46.Qd7 Qe5 47.Rc2 Bh6 48.Rd5 Qh2+ 49.Kd3 Qb8 50.g5 e2 51.Rxe2